Vnútorné predpisy o cestovných náhradách

S účinnosťou od 1. júla 2002 vstúpila do platnosti nová právna norma, zákon č. 283/2002 Z.z. o cestovných náhradách. Od 1.5.1992 bola úprava výšky a podmienok poskytovania cestovných náhrad zverená zákonodarcom osobitnému právnemu predpisu, a to zákonu č. 119/1992 Zb. o cestovných náhradách, ktorý n...

Full description

Saved in:
Bibliographic Details
Main Author: Ninčáková, Božena
Format: Book Chapter
Language:Slovak
Subjects:
Tags: Add Tag
No Tags, Be the first to tag this record!

MARC

LEADER 00000naa a2200000 4500
001 r046021
005 20231003085634.8
041 0 |a slo 
044 |a SK 
245 1 0 |a Vnútorné predpisy o cestovných náhradách  |c Božena Ninčáková 
520 |a S účinnosťou od 1. júla 2002 vstúpila do platnosti nová právna norma, zákon č. 283/2002 Z.z. o cestovných náhradách. Od 1.5.1992 bola úprava výšky a podmienok poskytovania cestovných náhrad zverená zákonodarcom osobitnému právnemu predpisu, a to zákonu č. 119/1992 Zb. o cestovných náhradách, ktorý nahradil veľký počet dovtedy platných právnych noriem. Najdôležitejšie zmeny v provnaní s pôvodným zákonom č. 119/1992 Zb. Komentár k ustanoveniam zákona o cestovných náhradách. 
610 2 0 |a náhrada cestovného 
610 2 0 |a náhrada výdavkov 
610 2 0 |a cesty pracovné 
610 2 0 |a zákony 
610 2 0 |a úpravy právne 
610 2 0 |a Slovensko 
610 2 0 |a komentáre 
610 2 0 |a júl 
610 2 0 |a 2002 
100 1 |a Ninčáková, Božena